Statistics for Crowd-Sourced General Knowledge #12

Click here to take the quiz!

General Stats

  • This quiz has been taken 27,632 times
  • The average score is 14 of 20

Answer Stats

QuestionAnswer% Correct
What disease is abbreviated TB?Tuberculosis
90%
What country does feta cheese come from?Greece
87%
What company's mascot is a man who is made of tires?Michelin
87%
What type of mustard is named after a city in France?Dijon
86%
Take off my skin - I won't cry, but you will! What am I?An onion
82%
What country is sometimes referred to as a "province of China" by the United Nations?Taiwan
82%
What type of creature was never known to have more than 750 legs until ones
with over 1000 legs were discovered in 2021?
Millipede
81%
Who was the POTUS in the year 1999?Bill Clinton
76%
What animal's German name, Nacktschnecke, means literally "naked snail"?Slug
73%
What 39 year old became, in 2017, the youngest person ever to be elected
President of France?
Emmanuel Macron
71%
What real-life person was the subject of the movie "The Theory of Everything"?Stephen Hawking
63%
What is the only state in New England that doesn't border the ocean?Vermont
63%
What Orwellian reality show has aired over 500 seasons in more than
60 different countries?
Big Brother
61%
Where would you find the medulla oblongata?In the brain stem
61%
What Belgian city hosted the Summer Olympics in 1920?Antwerp
52%
Muhammad was born in Mecca. Where did he die?Medina
51%
What "Mr. Tambourine Man" singer was the first musician ever to be awarded the
Nobel Prize in Literature?
Bob Dylan
49%
Who won Academy Awards for portraying a disabled Irishman, a violent
oil baron, and an American President?
Daniel Day-Lewis
48%
Who wrote the "Goldberg Variations" and the "Brandenburg Concertos"?J. S. Bach
47%
What was the name of the American plan to rebuild Europe following WWII?{Marshall} Plan
46%

Score Distribution

Percentile by Number Answered

Percent of People with Each Score

Your Score History

You have not taken this quiz